000 00931nam a22002897a 4500
005 20140820144637.0
010 _aENG-108431
020 _c750.00
_a9788120348271
035 _aEN-91964
035 _aB-536904-915
037 _bDBAD/PUB
037 _bUBH/Ven
_adpl
082 _a005.133
100 _aDeitel, Paul
245 _aC :
_cby Paul Deitel [and] Harvey Deitel
_bhow to program /
250 _a7th ed
260 _aDelhi
_bPHI Learning
_c2013
270 _aRimjhim House, 111, Patparganj Industrial Estate,
_bDelhi
_e110092
300 _axviii, 947p.
_c24cm(pbk)
490 _a How to program series
500 _aIncludes index
650 _a C (Computer program language)
650 _a Java (Computer program language)
700 _aDeitel, Harvey
942 _2ddc
_cEN
_mDEI
_h005.133
999 _c78849
_d78849